00475nam a22001097a 4500040001000000082001300010100004800023245022400071260002600295300002600321856001800347 c.RUA  aLMA SAM  aSAMNG RAKSMEY; សាំង រស្មី aStudy on develoment planning of leuk daek downtown in kandal province; សិក្សាពីផែនការអភិវឌ្ឍនទីរួមស្រុកលើកដែក ខេត្តកណ្ដាល aPHNOM PENHbSAMc2015 axiv;80p.bill.c29cm. uSAMNG RAKSMEY